| 000 | 00379nam a2200121 4500 | ||
|---|---|---|---|
| 999 |
_c9988 _d9988 |
||
| 008 | 180725b ||||| |||| 00| 0 eng d | ||
| 100 |
_929488 _aMorrell, Adam B. |
||
| 245 |
_aUM Tagum survives: _bCaptures Shakey's Vleague title. _cAdam B. Morrell |
||
| 260 |
_aDavao City _bSun Star Davao _cc2017 |
||
| 300 | _apage 18. | ||
| 650 | 0 |
_929490 _aUniversity of Mindanao. |
|
| 942 |
_2ddc _cPER |
||